| 000 | 00789nac a22001811u 4500 | ||
|---|---|---|---|
| 010 | _a 42007919 | ||
| 082 |
_a621.05 _bM835 |
||
| 090 |
_c3490 _d3490 |
||
| 100 | _aMorse, Frederick Tracy | ||
| 245 | 1 | 0 |
_aPower plant engineering and design: _bThe Theory And Practice Of Stationary Electric Generating Plants / _cFrederick Tracy Morse. |
| 260 |
_aNew York, _bD. Van Nostrand company, inc. _c[1942] |
||
| 300 |
_axii, 703 p. _bincl. front., illus., tables. diagrs. (1 fold.) _c24 cm. |
||
| 500 | _aDonations. | ||
| 500 | _aDonations - Bibliotheca Alexandrina. | ||
| 650 | 0 | _aElectric power-plants. [from old catalog] | |
| 942 |
_cBB _k621.05 |
||
| 999 |
_c3490 _d3490 |
||